000 00218nam a22000857a 4500
008 161108b xxu||||| |||| 00| 0 eng d
100 _91079
_aChowdhry.N.K.
245 _aSocial Science-IX
260 _aNew Delhi
_bS. Chand
_c2012
999 _c3736
_d3736